Welcome to the Holygrace Academy Library

Please use search bar below to get started

THE FOX AND THE STORK (Record no. 4690)

MARC details
000 -LEADER
fixed length control field 00286nam a22001217a 4500
020 ## - INTERNATIONAL STANDARD BOOK NUMBER
ISBN 1-85534-595-1
082 ## - DEWEY DECIMAL CLASSIFICATION NUMBER
Classification number 823
Item number HAM/F
100 ## - MAIN ENTRY--AUTHOR NAME
Personal name HAMILTON, JUDY
245 ## - TITLE STATEMENT
Title THE FOX AND THE STORK
260 ## - PUBLICATION, DISTRIBUTION, ETC. (IMPRINT)
Place of publication SCOTLAND
Name of publisher TARANTULA BOOKS
650 ## - SUBJECT ADDED ENTRY--TOPICAL TERM
Topical Term ENGLISH SHORT STORY
Geographic subdivision SCOTLAND
942 ## - ADDED ENTRY ELEMENTS (KOHA)
Koha item type Books
Holdings
Withdrawn status Lost status Collection code Home library Current library Shelving location Date acquired Source of acquisition Full call number Accession Number Koha item type
    Fiction Main Library Main Library SHELF-3-H-LADYBIRD STORY BOOKS 19/03/2014 PURCHASE 823 HAM/F 06795 Books